| 000 | 006970000a22002050004500 | ||
|---|---|---|---|
| 090 |
_aAR _b00675 |
||
| 245 | 1 | 0 | _aEcological traits of the tropical treeline species Polilepis quadrijuga (<Rosaceae>) in the Andes of Colombia |
| 650 | 1 | 4 |
_aFenología _992807 |
| 650 | 1 | 4 |
_aFitoquímica _94184 |
| 650 | 1 | 4 |
_aPáramos _992513 |
| 650 | 1 | 4 |
_aEspecies forestales _992707 |
| 651 | 4 |
_lCordillera de los Andes _pColombia _992749 |
|
| 653 |
_fRosaceae _gPolylepsis _ePolylepsis quadrijuga |
||
| 041 | 0 | _aInglés | |
| 700 | 1 |
_aCavelier, Jaime _93680 |
|
| 700 | 1 |
_aDevia, Beatriz _993817 |
|
| 100 | 1 |
_aVelez, Virginia _993818 |
|
| 942 | _cARTICULO | ||
| 773 | 1 |
_tJournal of Tropical Ecology _312 _h15 _q771-787 _d1998 |
|
| 999 |
_c9766 _d9766 |
||